[Event "Lichtenberger Sommer 2017"]
[Site "Berlin"]
[Date "2017.08.21"]
[Round "3.72"]
[White "Schulz, Toni"]
[Black "Fock, Sana"]
[Result "1-0"]
[WhiteElo "1878"]
[BlackElo "1584"]
[PlyCount "69"]
[EventDate "2017.??.??"]
[WhiteTeam "ESV Lok Raw Cottbus"]
[BlackTeam "SC Zugzwang 95 (Berlin)"]

1. d4 Nf6 2. Bf4 g6 3. e3 Bg7 4. Nf3 d6 5. c4 Nh5 6. Bg5 h6 7. Bh4 O-O 8. Nc3
c5 9. Be2 Nc6 10. d5 Nb4 11. a3 Na6 12. Qc2 Qc7 13. O-O Nf6 14. Nd2 Re8 15. Bg3
Bd7 16. e4 Ng4 17. h3 Nf6 18. Bd3 Nh5 19. Bh2 e5 20. Nb5 Qb6 21. Rfb1 Nc7 22.
a4 Nxb5 23. cxb5 Qd8 24. Nc4 Qf6 25. b4 Rac8 26. b6 cxb4 27. bxa7 Ra8 28. Nb6
Qd8 29. Nxa8 Qxa8 30. Qc7 Qc8 31. Qxc8 Rxc8 32. Rxb4 Nf4 33. Bf1 b5 34. axb5
Ra8 35. b6 1-0

[Event "Lichtenberger Sommer 2017"]
[Site "Berlin"]
[Date "2017.08.21"]
[Round "3.73"]
[White "Schröter, Maik"]
[Black "Wolfram, Mike"]
[Result "1-0"]
[WhiteElo "1876"]
[BlackElo "1550"]
[PlyCount "73"]
[EventDate "2017.??.??"]
[WhiteTeam "SG Stadtilm"]
[BlackTeam "vereinslos"]

1. e4 c5 2. Nc3 Nc6 3. Nge2 e6 4. g3 Nf6 5. Bg2 d6 6. d3 Be7 7. h3 O-O 8. Be3
d5 9. exd5 exd5 10. d4 cxd4 11. Nxd4 Bb4 12. O-O Bxc3 13. bxc3 Qa5 14. Bd2 Qa4
15. Bg5 Ne4 16. Bxe4 dxe4 17. Kh2 f6 18. Be3 Rd8 19. Qe2 Qa5 20. Qc4+ Qd5 21.
Qxd5+ Rxd5 22. Nxc6 bxc6 23. Rfd1 Rh5 24. Rd8+ Kf7 25. g4 Rb5 26. Rad1 Bb7 27.
R1d7+ Kg6 28. Rxa8 Bxa8 29. Rxa7 Bb7 30. a4 Rb2 31. a5 Bc8 32. Ra8 Be6 33. a6
Bd5 34. a7 c5 35. Rd8 Bc6 36. Rc8 Bd5 37. c4 1-0

[Event "Lichtenberger Sommer 2017"]
[Site "Berlin"]
[Date "2017.08.21"]
[Round "3.74"]
[White "Seefeld, Marc"]
[Black "Ellert, Oliver"]
[Result "1-0"]
[WhiteElo "1924"]
[BlackElo "1497"]
[PlyCount "79"]
[EventDate "2017.??.??"]
[WhiteTeam "Läufer Reinickendorf"]
[BlackTeam "SV Empor Berlin"]

1. e4 d5 2. exd5 Qxd5 3. Nc3 Qd6 4. d4 Nc6 5. Nb5 Qd8 6. Bf4 e5 7. dxe5 Be6 8.
Qxd8+ Kxd8 9. O-O-O+ Kc8 10. Nc3 a6 11. Nf3 h6 12. h4 Bc5 13. Ne4 Bb6 14. Bg3
Nge7 15. a3 Nf5 16. Bf4 Nfd4 17. c3 Nxf3 18. gxf3 Re8 19. Rg1 Rg8 20. Nf6 Rh8
21. Rxg7 Bxf2 22. h5 b6 23. Rd2 Bh4 24. Rg8+ Rxg8 25. Nxg8 Na5 26. Rh2 Kb7 27.
Nxh6 Be7 28. Bd3 Rh8 29. Nf5 Bd8 30. Be4+ Ka7 31. h6 Nb3+ 32. Kc2 Nc5 33. b4
Nxe4 34. fxe4 Rh7 35. Rg2 Rh8 36. Kd3 b5 37. Ke3 f6 38. exf6 Bxf6 39. Rg6 Rf8
40. h7 1-0

[Event "Lichtenberger Sommer 2017"]
[Site "Berlin"]
[Date "2017.08.21"]
[Round "3.75"]
[White "Thomas, Tobias"]
[Black "Fontaine, Constantin"]
[Result "1-0"]
[WhiteElo "1877"]
[BlackElo "1519"]
[PlyCount "55"]
[EventDate "2017.??.??"]
[WhiteTeam "SK Langen"]
[BlackTeam "SK Tempelhof 1931"]

1. e4 g6 2. d4 Bg7 3. Nc3 d6 4. Be3 Nf6 5. f3 O-O 6. Qd2 e5 7. Nge2 exd4 8.
Nxd4 Nc6 9. O-O-O Nxd4 10. Bxd4 c5 11. Be3 Qa5 12. Qxd6 Be6 13. Qxc5 Qxc5 14.
Bxc5 Rfc8 15. Bd4 a5 16. Bb5 Rc7 17. Rd3 Bh6+ 18. Kb1 Nh5 19. g3 f5 20. Rhd1
fxe4 21. Nxe4 Rac8 22. Bc3 Bg7 23. Rd8+ Rxd8 24. Rxd8+ Kf7 25. Bxa5 Bxa2+ 26.
Kxa2 Rxc2 27. Rd2 Rc8 28. Nd6+ 1-0

[Event "Lichtenberger Sommer 2017"]
[Site "Berlin"]
[Date "2017.08.21"]
[Round "3.76"]
[White "Lange, Gregor Sebastian"]
[Black "Hüls, Maximilian"]
[Result "0-1"]
[WhiteElo "820"]
[BlackElo "1767"]
[PlyCount "46"]
[EventDate "2017.??.??"]
[WhiteTeam "TSG Oberschöneweide"]
[BlackTeam "SV Mattnetz Berlin"]

1. e4 e6 2. d4 d5 3. Nc3 Nf6 4. Bg5 dxe4 5. Nxe4 Be7 6. Ng3 h6 7. Be3 b6 8. Qf3
c6 9. Bd3 Bb7 10. N1e2 Qc7 11. Nc3 Nbd7 12. O-O O-O-O 13. Rad1 g5 14. h3 Rdf8
15. Nge4 Nxe4 16. Bxe4 f5 17. Bd3 f4 18. Bxf4 gxf4 19. Ne2 Bd6 20. Be4 Nf6 21.
Bd3 c5 22. Nxf4 Bxf3 23. Nxe6 Qf7 0-1

[Event "Lichtenberger Sommer 2017"]
[Site "Berlin"]
[Date "2017.08.21"]
[Round "3.77"]
[White "Krefenstein, Sergej"]
[Black "Dittrich, Hans-Georg"]
[Result "1-0"]
[WhiteElo "2173"]
[BlackElo "1742"]
[PlyCount "61"]
[EventDate "2017.??.??"]
[WhiteTeam "TuS Makkabi Berlin"]
[BlackTeam "SG Stadtilm"]

1. d4 Nf6 2. c4 c5 3. d5 b5 4. cxb5 a6 5. f3 axb5 6. e4 Qa5+ 7. Bd2 b4 8. Na3
Qa4 9. Qxa4 Rxa4 10. Nc4 Ba6 11. b3 Bxc4 12. bxa4 Bxf1 13. Kxf1 e6 14. g4 h6
15. Bf4 d6 16. dxe6 fxe6 17. Ne2 Nc6 18. Kf2 d5 19. exd5 exd5 20. Ng3 Kd7 21.
h4 d4 22. Rac1 Nd5 23. Bd2 Nc3 24. a3 Na2 25. axb4 Ncxb4 26. Bxb4 Nxb4 27. Ke2
Bd6 28. Ne4 Rc8 29. Rhd1 Ke6 30. Nxd6 Kxd6 31. Rxd4+ 1-0

[Event "Lichtenberger Sommer 2017"]
[Site "Berlin"]
[Date "2017.08.21"]
[Round "3.78"]
[White "Oelmann, Henry"]
[Black "Bastian, Reinhard"]
[Result "1-0"]
[WhiteElo "1992"]
[BlackElo "1675"]
[PlyCount "43"]
[EventDate "2017.??.??"]
[WhiteTeam "SC Oranienburg"]
[BlackTeam "vereinslos"]

1. c4 f5 2. Nf3 Nf6 3. Nc3 e6 4. d4 d5 5. Qc2 c6 6. Bg5 Be7 7. e3 O-O 8. Be2
Ne4 9. Bf4 Nd7 10. O-O g5 11. Be5 g4 12. Nd2 Nxd2 13. Qxd2 Nxe5 14. dxe5 Qc7
15. cxd5 Qxe5 16. dxc6 bxc6 17. Rad1 Rd8 18. Qc1 Bd6 19. g3 Bb7 20. e4 Bb4 21.
Rxd8+ Rxd8 22. Qg5+ 1-0

[Event "Lichtenberger Sommer 2017"]
[Site "Berlin"]
[Date "2017.08.21"]
[Round "3.79"]
[White "Ellert, Stefan"]
[Black "Miowitz, Torsten"]
[Result "0-1"]
[WhiteElo "1355"]
[BlackElo "1857"]
[PlyCount "132"]
[EventDate "2017.??.??"]
[WhiteTeam "SV Empor Berlin"]
[BlackTeam "Lasker Steglitz-Wilmersdorf"]

1. d4 d5 2. c4 c6 3. cxd5 cxd5 4. Nc3 Nf6 5. Bg5 e6 6. Nf3 Be7 7. e3 Nbd7 8.
Bd3 h6 9. Bf4 a6 10. h3 b5 11. Rc1 Bb7 12. Ne5 Nxe5 13. Bxe5 O-O 14. O-O Bd6
15. Bxd6 Qxd6 16. Ne2 Rfc8 17. Qd2 e5 18. dxe5 Qxe5 19. Rxc8+ Rxc8 20. Rc1 Ne4
21. Rxc8+ Bxc8 22. Bxe4 Qxe4 23. Nc3 Qg6 24. Nxd5 Qb1+ 25. Kh2 Qe4 26. Nf4 Bf5
27. Nh5 Qe5+ 28. f4 Qe7 29. Qd4 Qf8 30. e4 Bc8 31. Qd5 Be6 32. Qd4 f6 33. a3
Bf7 34. Ng3 Qc8 35. Nf5 Qc7 36. Qd6 Qxd6 37. Nxd6 Be6 38. Kg3 Kf8 39. Nb7 Ke7
40. Nc5 Bc8 41. b4 Kd6 42. Kf3 a5 43. Ke3 axb4 44. axb4 g6 45. Kd4 h5 46. h4
Bg4 47. Nb7+ Kc7 48. Na5 Kd6 49. e5+ fxe5+ 50. fxe5+ Ke6 51. Nb7 Be2 52. Nd6
Bf1 53. g3 Be2 54. Ne4 Bc4 55. Ng5+ Kf5 56. e6 Kf6 57. Kc5 Ke7 58. Kc6 Bd3 59.
Nf3 Be4+ 60. Kxb5 Bxf3 61. Kc5 Kxe6 62. Kd4 Kf5 63. Ke3 Kg4 64. Kf2 Bb7 65. b5
Bd5 66. b6 Bb7 0-1

[Event "Lichtenberger Sommer 2017"]
[Site "Berlin"]
[Date "2017.08.21"]
[Round "3.80"]
[White "Ritter, Uwe"]
[Black "Freude, Max"]
[Result "1-0"]
[WhiteElo "1953"]
[BlackElo "1416"]
[PlyCount "109"]
[EventDate "2017.??.??"]
[WhiteTeam "Reideburger SV"]
[BlackTeam "SV Empor Berlin"]

1. f4 d5 2. Nf3 Nf6 3. e3 g6 4. d4 c5 5. c3 Bg7 6. Bd3 O-O 7. O-O Bf5 8. Bxf5
gxf5 9. dxc5 Nbd7 10. c6 bxc6 11. Nd4 c5 12. Nxf5 e6 13. Nxg7 Kxg7 14. Nd2 Rg8
15. Qf3 Kf8 16. e4 dxe4 17. Nxe4 Nxe4 18. Qxe4 Nf6 19. Qe5 Qd5 20. Qxd5 Nxd5
21. f5 Ke7 22. fxe6 Kxe6 23. c4 Nb4 24. Be3 Nc2 25. Rac1 Nxe3 26. Rce1 Kd6 27.
Rxe3 Rg7 28. Rf6+ Kd7 29. Rd3+ Ke7 30. Rc6 Rg5 31. Rd5 Rxd5 32. cxd5 Rb8 33. b3
Rb7 34. Rxc5 Kd6 35. Ra5 Rd7 36. Kf2 Ke5 37. Ke3 Re7 38. Kd3 Kd6 39. Kd4 Rc7
40. Ra6+ Kd7 41. Rc6 Rxc6 42. dxc6+ Kxc6 43. Ke5 Kc5 44. a3 a6 45. g4 h6 46.
Kf6 Kd4 47. Kxf7 Kc3 48. Kg6 Kxb3 49. Kxh6 Kxa3 50. g5 a5 51. g6 a4 52. g7 Kb2
53. g8=Q a3 54. Kg5 a2 55. Qxa2+ 1-0

[Event "Lichtenberger Sommer 2017"]
[Site "Berlin"]
[Date "2017.08.21"]
[Round "3.81"]
[White "Kaufmann, Matthias"]
[Black "Schmalzried, Volker"]
[Result "0-1"]
[WhiteElo "1516"]
[BlackElo "1858"]
[PlyCount "70"]
[EventDate "2017.??.??"]
[WhiteTeam "vereinslos"]
[BlackTeam "vereinslos"]

1. c4 c5 2. Nc3 Nc6 3. Nf3 g6 4. d4 cxd4 5. Nxd4 Bg7 6. e3 Nf6 7. Nxc6 bxc6 8.
Bd3 O-O 9. O-O d5 10. cxd5 cxd5 11. Be2 Bb7 12. Bf3 Rb8 13. Rb1 e5 14. Qa4 d4
15. Rd1 Bxf3 16. gxf3 Nd5 17. Nxd5 Qxd5 18. e4 Qc5 19. b3 Qc3 20. Ba3 Rfd8 21.
Kg2 Bh6 22. Bc1 Bf8 23. Bd2 Qc5 24. Rbc1 Qe7 25. Rg1 Rdc8 26. Rxc8 Rxc8 27. Rc1
Rxc1 28. Bxc1 Qc5 29. Bg5 h6 30. Bf6 Qd6 31. Bh4 d3 32. b4 d2 33. Qd1 Qxb4 34.
Kf1 Qc4+ 35. Kg2 Qc1 0-1

[Event "Lichtenberger Sommer 2017"]
[Site "Berlin"]
[Date "2017.08.21"]
[Round "3.82"]
[White "Korell, Klaus-Peter"]
[Black "David, Daniel"]
[Result "1-0"]
[WhiteElo "1852"]
[BlackElo "1392"]
[PlyCount "25"]
[EventDate "2017.??.??"]
[WhiteTeam "SG TT/Wiheil"]
[BlackTeam "SC Erkrath"]

1. d4 e6 2. c4 d5 3. e3 Bb4+ 4. Bd2 Bxd2+ 5. Qxd2 Nf6 6. Nf3 O-O 7. Bd3 Nc6 8.
O-O Re8 9. a3 e5 10. dxe5 Nxe5 11. Nxe5 Rxe5 12. f3 dxc4 13. Bxh7+ 1-0

[Event "Lichtenberger Sommer 2017"]
[Site "Berlin"]
[Date "2017.08.21"]
[Round "3.84"]
[White "Prütz, Sigurd"]
[Black "Gnaß, Erhard"]
[Result "1/2-1/2"]
[WhiteElo "1686"]
[BlackElo "1466"]
[PlyCount "80"]
[EventDate "2017.??.??"]
[WhiteTeam "Königsjäger Süd-West"]
[BlackTeam "SK Zehlendorf"]

1. e4 e5 2. Nf3 Nc6 3. Bb5 Nge7 4. d4 exd4 5. Nxd4 g6 6. O-O Bg7 7. Be3 O-O 8.
c3 a6 9. Ba4 b5 10. Bc2 Nxd4 11. Bxd4 d6 12. Nd2 Nc6 13. Bxg7 Kxg7 14. Re1 Qg5
15. Nf3 Qh5 16. Qd5 Qxd5 17. exd5 Na5 18. Re7 c5 19. b3 Bg4 20. Rae1 Rab8 21.
h3 Bxf3 22. gxf3 Rb7 23. b4 Rxe7 24. Rxe7 cxb4 25. cxb4 Nc4 26. Ra7 Re8 27. Bb3
Nd2 28. Rxa6 Nxf3+ 29. Kg2 Nh4+ 30. Kf1 Nf5 31. Rb6 Rc8 32. Ke1 Rc1+ 33. Kd2
Rf1 34. Rxb5 Rxf2+ 35. Ke1 Rb2 36. Rb8 Nd4 37. b5 Nxb3 38. axb3 Rxb3 39. Rb6
Kf6 40. Rxd6+ Ke5 1/2-1/2

[Event "Lichtenberger Sommer 2017"]
[Site "Berlin"]
[Date "2017.08.21"]
[Round "3.85"]
[White "Mayer, Herbert"]
[Black "Plaza Reino, Mateo"]
[Result "1-0"]
[WhiteElo "1867"]
[BlackElo "1370"]
[PlyCount "97"]
[EventDate "2017.??.??"]
[WhiteTeam "SC Rochade (Berlin)"]
[BlackTeam "Enniscorthy Chess Club"]

1. f4 d5 2. b3 Nf6 3. e3 e6 4. Bb2 Be7 5. Nf3 O-O 6. Be2 c5 7. O-O b6 8. Ne5
Bb7 9. d3 Nc6 10. Nd2 d4 11. Nxc6 Bxc6 12. e4 Qc7 13. Qe1 e5 14. f5 b5 15. Rd1
b4 16. a4 a5 17. Bc1 Bb7 18. Qg3 Ra6 19. Nc4 Nd7 20. Rf2 Re8 21. Rdf1 Kh8 22.
Bh5 Rf8 23. Bg5 Bxg5 24. Qxg5 Nf6 25. Be2 Re8 26. Rf3 Rc6 27. Rh3 Ba6 28. Nd2
Qe7 29. Qh4 h6 30. g4 Nh7 31. Qg3 Qg5 32. Nc4 Bxc4 33. dxc4 Qd2 34. Bd3 Qg5 35.
Rh5 Qe7 36. Rf2 Ng5 37. h4 Nh7 38. g5 hxg5 39. hxg5 Kg8 40. Rxh7 Kxh7 41. Rh2+
Kg8 42. Qh4 Rh6 43. gxh6 Qxh4 44. Rxh4 gxh6 45. Rxh6 Kg7 46. Rc6 Rh8 47. Rxc5
Re8 48. Rxa5 Rb8 49. Rb5 1-0

[Event "Lichtenberger Sommer 2017"]
[Site "Berlin"]
[Date "2017.08.21"]
[Round "3.86"]
[White "Reck, Jessica"]
[Black "Dittrich, Hans-Juergen"]
[Result "1-0"]
[WhiteElo "1730"]
[BlackElo "1305"]
[PlyCount "53"]
[EventDate "2017.??.??"]
[WhiteTeam "SK König Tegel"]
[BlackTeam "SC Eintracht Berlin"]

1. e4 e5 2. Nf3 Nf6 3. Bc4 Bc5 4. d3 d5 5. exd5 Nxd5 6. O-O Nc6 7. Re1 f6 8. a3
a6 9. Nbd2 Bf5 10. Nh4 Nce7 11. Qf3 Be6 12. Ne4 Ba7 13. Ng3 Qd7 14. Nhf5 Nxf5
15. Nxf5 O-O-O 16. Ng3 Rhe8 17. Bd2 Bg4 18. Qe4 f5 19. Qxd5 Qxd5 20. Bxd5 Rxd5
21. h3 f4 22. Bxf4 Bd7 23. Be3 Bxe3 24. Rxe3 g6 25. Ne4 Rf8 26. Rae1 Bc6 27.
Nc3 1-0

[Event "Lichtenberger Sommer 2017"]
[Site "Berlin"]
[Date "2017.08.21"]
[Round "3.87"]
[White "Rehmsmeier, Marc"]
[Black "Gläsmann, Christian"]
[Result "1-0"]
[WhiteElo "1698"]
[BlackElo "1472"]
[PlyCount "87"]
[EventDate "2017.??.??"]
[WhiteTeam "vereinslos"]
[BlackTeam "SC Erkrath"]

1. d4 d6 2. Nf3 g6 3. c4 Bg7 4. e4 Nf6 5. Nc3 O-O 6. Be2 Bg4 7. Be3 Nc6 8. Qd2
Nd7 9. h3 Bxf3 10. Bxf3 e5 11. d5 Nd4 12. Bxd4 exd4 13. Nb5 d3 14. Bd1 Nc5 15.
Bf3 Na4 16. Rb1 a6 17. Nc3 Nxc3 18. bxc3 c5 19. O-O Rb8 20. Rb3 b5 21. Qxd3 b4
22. cxb4 Rxb4 23. Rfb1 a5 24. a3 Rxb3 25. Rxb3 a4 26. Rb5 Qa8 27. Qb1 Qd8 28.
Qc2 Qf6 29. Rb1 Ra8 30. Qd3 Qc3 31. Qxc3 Bxc3 32. Bd1 Kg7 33. f4 Bf6 34. Kf2 g5
35. g3 h6 36. Rb7 Bd4+ 37. Kg2 gxf4 38. gxf4 Re8 39. Kf3 Ra8 40. Kg4 Kf6 41.
Rb6 Rg8+ 42. Kf3 Ke7 43. Rb7+ Kf6 44. Rd7 1-0

[Event "Lichtenberger Sommer 2017"]
[Site "Berlin"]
[Date "2017.08.21"]
[Round "3.88"]
[White "Ros Gorne, Ramon"]
[Black "Chung, Nicholas"]
[Result "1-0"]
[WhiteElo "1645"]
[BlackElo "1417"]
[PlyCount "99"]
[EventDate "2017.??.??"]
[WhiteTeam "Sant Boi de Llobregat"]
[BlackTeam "TuS Makkabi Berlin"]

1. e4 c5 2. Nc3 Nc6 3. g3 Nf6 4. Bg2 g6 5. d3 Bg7 6. Be3 d6 7. Qc1 Bd7 8. Bh6
O-O 9. Bxg7 Kxg7 10. Nf3 a6 11. O-O e6 12. Re1 d5 13. exd5 exd5 14. Qd2 Re8 15.
Rxe8 Nxe8 16. Nxd5 Nc7 17. Nxc7 Qxc7 18. Qc3+ Kg8 19. Qxc5 b6 20. Qc3 Re8 21.
Re1 Rxe1+ 22. Nxe1 Qc8 23. Nf3 Qe8 24. Qe1 Qc8 25. c3 Bf5 26. d4 Na5 27. Qe7
Be6 28. Qb4 Qc7 29. Qa3 Bc4 30. b3 Bd3 31. c4 Be2 32. d5 b5 33. Nd4 Bd3 34.
cxb5 axb5 35. b4 Qc4 36. bxa5 Qxd4 37. Qc1 Bc4 38. a3 Bxd5 39. Bxd5 Qxd5 40.
Qc3 Qd1+ 41. Kg2 Qd5+ 42. Qf3 Qd8 43. a6 Qd4 44. Qb7 Qc5 45. a7 Kg7 46. a8=Q
Qf5 47. Qe4 Qf6 48. Qad5 Qa6 49. Qee5+ Kh6 50. Qd7 1-0

[Event "Lichtenberger Sommer 2017"]
[Site "Berlin"]
[Date "2017.08.21"]
[Round "3.89"]
[White "Wilke, Hans-Peter"]
[Black "Junge, Wolfgang"]
[Result "1/2-1/2"]
[WhiteElo "1540"]
[BlackElo "1853"]
[PlyCount "128"]
[EventDate "2017.??.??"]
[WhiteTeam "Läufer Reinickendorf"]
[BlackTeam "SC Friesen Lichtenberg"]

1. d4 Nf6 2. Bf4 e6 3. Nf3 c5 4. e3 Nc6 5. Be2 d5 6. c3 Be7 7. h3 O-O 8. Nbd2
Bd7 9. O-O cxd4 10. exd4 Be8 11. Ne5 Nxe5 12. Bxe5 Bd6 13. Nf3 Bxe5 14. Nxe5
Nd7 15. f4 f6 16. Nxd7 Bxd7 17. Qd2 Qb6 18. Kh1 f5 19. Rab1 Rac8 20. Rf3 Qd6
21. g3 Qe7 22. h4 Rc7 23. a3 Rfc8 24. Re3 h6 25. Bd3 Qf6 26. Qh2 Kf7 27. Be2 g6
28. g4 Ba4 29. Rc1 Rc6 30. Bf3 Bb3 31. Re5 Rd8 32. Rce1 Rd7 33. g5 hxg5 34.
hxg5 Qg7 35. Kg2 Bc2 36. Rh1 Be4 37. Qh7 Bxf3+ 38. Kxf3 Qxh7 39. Rxh7+ Ke8 40.
Rh8+ Ke7 41. Rh1 Kd6 42. Re2 Rcc7 43. Reh2 Rg7 44. Ke3 a6 45. a4 b5 46. axb5
axb5 47. Kd3 Rgd7 48. Rh6 Rg7 49. Ra1 Kd7 50. Ra5 Rb7 51. b4 Kc7 52. Ra6 Kd7
53. Rh8 Ke7 54. Rc6 Kd7 55. Rcc8 Ke7 56. Rce8+ Kd7 57. Ref8 Kd6 58. Rh6 Rh7 59.
Rd8+ Kc6 60. Rc8+ Kd6 61. Rh8 Rhg7 62. Kc2 Rbf7 63. Kb3 Rb7 64. Rh2 Ra7 1/2-1/2

[Event "Lichtenberger Sommer 2017"]
[Site "Berlin"]
[Date "2017.08.21"]
[Round "3.90"]
[White "Murat, Abylay"]
[Black "Küchler, Felix"]
[Result "0-1"]
[WhiteElo "1400"]
[BlackElo "1782"]
[PlyCount "56"]
[EventDate "2017.??.??"]
[WhiteTeam "vereinslos"]
[BlackTeam "SF Friedrichshagen"]

1. e4 c5 2. Nf3 d6 3. d4 cxd4 4. Nxd4 Nf6 5. Nc3 g6 6. Bc4 Bg7 7. O-O O-O 8.
Bg5 Nc6 9. Nf3 a6 10. Re1 Bg4 11. h3 Bxf3 12. Qxf3 Rc8 13. Bd5 Nd4 14. Qd3 Nd7
15. Be3 Nc5 16. Qd2 Nce6 17. Bxb7 Rb8 18. Bxa6 Rxb2 19. Bd3 Qc8 20. Nd5 Re8 21.
a4 Nb3 22. Bg5 Nxd2 23. Bxe7 Nc7 24. Bf6 Nxd5 25. Bxg7 Kxg7 26. exd5 Rxe1+ 27.
Rxe1 Nc4 28. Re4 Ne5 0-1

[Event "Lichtenberger Sommer 2017"]
[Site "Berlin"]
[Date "2017.08.21"]
[Round "3.91"]
[White "Timm, Christian"]
[Black "Otter, Nils"]
[Result "0-1"]
[WhiteElo "1605"]
[BlackElo "1759"]
[PlyCount "196"]
[EventDate "2017.??.??"]
[WhiteTeam "SV Königsspringer"]
[BlackTeam "Admira Villach"]

1. e4 c5 2. c3 d5 3. exd5 Qxd5 4. Qf3 Nf6 5. d3 Nc6 6. Be3 e6 7. Na3 a6 8. Nc4
Qd8 9. Ne2 Bd7 10. Rd1 b5 11. Na3 Be7 12. d4 c4 13. Nc2 O-O 14. g4 b4 15. g5
Nd5 16. h4 Qa5 17. Nf4 bxc3 18. Nxd5 cxb2+ 19. Bd2 Qxd5 20. Qxd5 exd5 21. Bc3
Rab8 22. Rb1 Bf5 23. Kd2 Nb4 24. Rxb2 Nxc2 25. Rxc2 Bxc2 26. Kxc2 Bb4 27. Bb2
Rfe8 28. a3 Ba5 29. Bc1 Re1 30. Bg2 Re2+ 31. Kd1 Rxf2 32. Bxd5 c3 33. Be4 Rc8
34. Bc2 Rd8 35. Be3 Rf3 36. Ke2 Rxe3+ 37. Kxe3 Bb6 38. Rd1 h6 39. gxh6 gxh6 40.
Ke4 Kg7 41. d5 Bc5 42. a4 Kf6 43. Rf1+ Ke7 44. Rf5 Rb8 45. Re5+ Kd6 46. Rh5 Rh8
47. Kd3 Bb4 48. Bb3 a5 49. Rf5 Rh7 50. Rh5 f6 51. Bc2 Rh8 52. Kd4 Ke7 53. Rf5
Kf7 54. h5 Rg8 55. Rf4 Rg5 56. Bg6+ Kg7 57. Rf2 Rg3 58. Rc2 Rg4+ 59. Ke3 Rc4
60. Kd3 Rc7 61. Re2 Bd6 62. Kc2 Be5 63. Rg2 Kf8 64. Bf5 Rb7 65. Rg4 Rb2+ 66.
Kd1 Rd2+ 67. Kc1 Rxd5 68. Be6 Rd6 69. Rg8+ Ke7 70. Bf5 Rd4 71. Rg7+ Kf8 72. Rg6
Rxa4 73. Kc2 Ra2+ 74. Kb3 Rb2+ 75. Ka3 c2 76. Rg1 Rb1 77. Rxb1 cxb1=Q 78. Bxb1
Ke7 79. Be4 Kd6 80. Ka4 Bc3 81. Kb3 Bb4 82. Kc4 Ke5 83. Bc2 Kf4 84. Kd4 f5 85.
Kd3 Kf3 86. Bd1+ Kf2 87. Kd4 Bd2 88. Bc2 f4 89. Kc4 Kg3 90. Bd1 Kf2 91. Kd3 Ke1
92. Bf3 a4 93. Kc2 Be3 94. Kb2 Bc5 95. Be4 Kd2 96. Bf3 Ke3 97. Bd1 a3+ 98. Ka2
f3 0-1

[Event "Lichtenberger Sommer 2017"]
[Site "Berlin"]
[Date "2017.08.21"]
[Round "3.92"]
[White "Hömke, Holger"]
[Black "Wolff, Marie Antoinette"]
[Result "0-1"]
[WhiteElo "1540"]
[BlackElo "1778"]
[PlyCount "66"]
[EventDate "2017.??.??"]
[WhiteTeam "SK Zehlendorf"]
[BlackTeam "Leegebrucher SF"]

1. c4 e5 2. Nc3 Nc6 3. g3 g6 4. Bg2 Bg7 5. e3 Nge7 6. Nge2 O-O 7. d4 exd4 8.
exd4 d6 9. O-O Nf5 10. Be3 Nxe3 11. fxe3 Rb8 12. a3 Re8 13. e4 Bg4 14. Bf3 Bxf3
15. Rxf3 Qd7 16. Qd3 Rf8 17. Raf1 Ne7 18. b4 c6 19. a4 d5 20. exd5 cxd5 21. c5
Nf5 22. b5 a6 23. Rb1 axb5 24. axb5 Rfe8 25. Ra1 Qd8 26. b6 Re6 27. Raf1 Qe8
28. R1f2 Ra8 29. Nb5 Ra1+ 30. Kg2 Ne3+ 31. Kh3 g5 32. Rxe3 Rxe3 33. Nd6 Qe6+
0-1

[Event "Lichtenberger Sommer 2017"]
[Site "Berlin"]
[Date "2017.08.21"]
[Round "3.94"]
[White "Koerber, Bernhard"]
[Black "Kohlmeyer, Dagobert"]
[Result "0-1"]
[WhiteElo "1574"]
[BlackElo "1888"]
[PlyCount "80"]
[EventDate "2017.??.??"]
[WhiteTeam "Lasker Steglitz-Wilmersdorf"]
[BlackTeam "SC Rochade (Berlin)"]

1. e4 e6 2. d4 d5 3. Nc3 Bb4 4. e5 c5 5. a3 Bxc3+ 6. bxc3 Ne7 7. a4 cxd4 8.
cxd4 Nbc6 9. Nf3 O-O 10. c3 h6 11. Ba3 Re8 12. Bd3 Qa5 13. Qc2 Bd7 14. O-O Nc8
15. Rfb1 Qc7 16. Rb2 b6 17. Rba2 Na5 18. Bb4 Nc4 19. Nd2 Nxd2 20. Qxd2 a5 21.
Ba3 Qd8 22. Qc2 Bc6 23. Rb1 Qd7 24. Bb5 Rb8 25. Rab2 Na7 26. Bxc6 Qxc6 27. Bc5
Nc8 28. Rb5 g6 29. Qb3 Kg7 30. Bxb6 Nxb6 31. Rxb6 Rxb6 32. Qxb6 Qxc3 33. g3 Rc8
34. Rb3 Qa1+ 35. Kg2 Qxa4 36. Rb5 Qc2 37. Rxa5 Qe4+ 38. Kh3 h5 39. Ra7 Qf5+ 40.
Kg2 Rc2 0-1

[Event "Lichtenberger Sommer 2017"]
[Site "Berlin"]
[Date "2017.08.21"]
[Round "3.95"]
[White "Papenhagen, Walter"]
[Black "Lippianowski, Stefan"]
[Result "1-0"]
[WhiteElo "1584"]
[BlackElo "1106"]
[PlyCount "143"]
[EventDate "2017.??.??"]
[WhiteTeam "SF Friedrichshagen"]
[BlackTeam "SV Mattnetz Berlin"]

1. d4 d5 2. Nf3 Nc6 3. e3 a6 4. c3 Bd7 5. Bd3 Nf6 6. Nbd2 e6 7. O-O Bd6 8. Re1
h5 9. e4 Bf4 10. exd5 Nxd5 11. Nc4 Qf6 12. Be4 O-O-O 13. a4 h4 14. Nfe5 Bxh2+
15. Kf1 Bg3 16. Ng4 Qe7 17. Bxd5 Bd6 18. Qf3 Qf8 19. Nxd6+ Qxd6 20. Bf4 Qxd5
21. Qxd5 exd5 22. Ne5 h3 23. Kg1 Rh4 24. Bg3 Rh5 25. Nf3 g5 26. Re3 hxg2 27.
Nh2 f5 28. Rf3 f4 29. Bxf4 gxf4 30. Rxf4 Rdh8 31. Kxg2 Rxh2+ 32. Kf3 R2h3+ 33.
Ke2 Re8+ 34. Kd2 Na5 35. Rg1 Nc4+ 36. Kc2 Bxa4+ 37. b3 Na3+ 38. Kb2 Nc4+ 39.
bxc4 dxc4 40. Rg3 Re2+ 41. Ka3 Rxg3 42. fxg3 b5 43. Kb4 Rb2+ 44. Kc5 Rc2 45.
Rf3 Kb7 46. d5 Rh2 47. g4 Bc2 48. Rf7 Rd2 49. Re7 Bd1 50. g5 Bf3 51. Re5 Rd3
52. g6 Bh5 53. Rxh5 Rxc3 54. Rg5 Re3 55. g7 c3 56. g8=Q c2 57. Rg1 Rc3+ 58. Kb4
c1=Q 59. Rxc1 Rxc1 60. Qf7 Rc4+ 61. Kb3 Rd4 62. Qd7 a5 63. Qxb5+ Kc8 64. Qxa5
Rd3+ 65. Kc4 Rh3 66. Qa8+ Kd7 67. Qc6+ Kc8 68. d6 Rh4+ 69. Kd3 Rh3+ 70. Ke2
Rh2+ 71. Kf1 Rh1+ 72. Qxh1 1-0

[Event "Lichtenberger Sommer 2017"]
[Site "Berlin"]
[Date "2017.08.21"]
[Round "3.96"]
[White "Abraham, Helmut"]
[Black "Ho, Ngoc Hai-Dang"]
[Result "0-1"]
[WhiteElo "1488"]
[BlackElo "1499"]
[PlyCount "88"]
[EventDate "2017.??.??"]
[WhiteTeam "SC Kreuzberg"]
[BlackTeam "SF Friedrichshagen"]

1. Nf3 Nf6 2. c4 g6 3. Nc3 Bg7 4. b3 O-O 5. Bb2 d6 6. g3 e5 7. e4 Re8 8. Bg2
Nbd7 9. O-O Nc5 10. d3 c6 11. b4 Ne6 12. Re1 a5 13. a3 axb4 14. axb4 Bd7 15. c5
dxc5 16. bxc5 Nxc5 17. Ne2 Na6 18. Nxe5 Ng4 19. Nxg4 Bxg4 20. Bxg7 Bxe2 21.
Qxe2 Kxg7 22. Qb2+ Kg8 23. Red1 Rb8 24. Qa3 Qe7 25. Qxe7 Rxe7 26. d4 Kg7 27. f4
f6 28. Rab1 Kf7 29. Rb6 Rc7 30. Rdb1 Rd8 31. Rxb7 Rxd4 32. Rxc7+ Nxc7 33. Rb7
Rd7 34. e5 fxe5 35. Bxc6 Re7 36. fxe5 Ke6 37. Rb1 Kxe5 38. Re1+ Kd6 39. Rxe7
Kxe7 40. Kf2 Ne6 41. Ke3 Kf6 42. h4 h6 43. Ke4 g5 44. Ba4 Nc5+ 0-1

[Event "Lichtenberger Sommer 2017"]
[Site "Berlin"]
[Date "2017.08.21"]
[Round "3.97"]
[White "Stark, Steven"]
[Black "Kujawa, Werner"]
[Result "0-1"]
[WhiteElo "1474"]
[BlackElo "1756"]
[PlyCount "118"]
[EventDate "2017.??.??"]
[WhiteTeam "BSC Rehberge"]
[BlackTeam "SV Motor Wildau"]

1. e4 g6 2. Nf3 Bg7 3. c3 c6 4. Be2 d5 5. exd5 Qxd5 6. O-O Nf6 7. d4 O-O 8.
Nbd2 Bg4 9. c4 Qd8 10. Qb3 Qb6 11. Re1 Nbd7 12. Qxb6 axb6 13. h3 Bxf3 14. Bxf3
Rfe8 15. a3 e5 16. d5 e4 17. Bg4 Nxg4 18. hxg4 cxd5 19. cxd5 Nf6 20. Nc4 Nxd5
21. Nd6 Re6 22. Nb5 Ra5 23. a4 Re7 24. Rd1 Rd7 25. Ra3 Bf8 26. Ra1 Nf6 27. Rxd7
Nxd7 28. Bd2 Ra8 29. b3 Nc5 30. Rb1 Bg7 31. Be3 Rd8 32. Bxc5 bxc5 33. Rc1 b6
34. Kf1 Rd3 35. Rb1 f5 36. gxf5 gxf5 37. Na3 Be5 38. Nc4 Bc7 39. Ne3 f4 40. Nf5
Kf7 41. Ke2 Rd5 42. Rd1 Rxd1 43. Kxd1 Kf6 44. Nh6 Kg5 45. f3 exf3 46. gxf3 Kxh6
47. Kc2 Kg5 48. Kd3 Kf5 49. Kc4 Ke5 50. Kb5 Kd5 51. Ka6 Kc6 52. Ka7 h5 53. Ka6
h4 54. b4 cxb4 55. a5 bxa5 56. Ka7 a4 57. Ka6 a3 58. Ka7 a2 59. Ka6 a1=R# 0-1